000 00594nam a2200205 i 4500
001 113977
003 ES-MaACL
005 20250823004923.0
007 t|
008 061121s1945 ag f |||| | spa d
100 1 _aPahissa, Jaime.
_988312
245 1 4 _aLos grandes problemas de la música /
_cJaime Pahissa.
260 _aBuenos Aires :
_bPoseidon,
_c1945.
300 _a265 p. 26 lám. ;
_c19 cm.
490 1 _aColección todo para todos
650 7 _aMúsica
_2embne
_915376
830 0 _aColección todo para todos
_9185742
852 _aES-MaACL
_jB-7389
999 _c113977
_d113977